00607nam a22001937a 450000500170000001000130001702000230003003500130005303700160006604000120008208200130009410000160010724500950012326000410021827000500025930000210030965000300033065000530036020170124110110.0 aA-997909 c150.00a8176260541 aA-997909 bCen Lib/Ret aDPLbEN a921bBAS aBasu, Jyoti aMemoirs :cby Jyoti Basu [and] translated by Abhijit Dasguptaba political autobiography / aCalcuttabNational Book Agencyc1999 bCalcuttaa12 Bankim Chatterjee streete700073 a397p. c18cm(Hb) aBasu, Jyoti, -- 1914-2010 aPoliticians -- India -- West Bangal -- Biography